| 000 | 00999nam a22002897a 4500 | ||
|---|---|---|---|
| 001 | 10011 | ||
| 003 | FISKH | ||
| 005 | 20260330091627.0 | ||
| 008 | 260327b cb ||||| |||| 00| 0 eng d | ||
| 020 | _a9780545512053 | ||
| 040 |
_aFISKH _beng _cFISKH _dFISKH |
||
| 050 | _a PZ7 .T825 .M | ||
| 082 | _a804 | ||
| 100 | _aTunnell , Michael O. | ||
| 245 |
_aMailing May / _cBy Michael O. Tunnell : Illustrated by Ted Rand |
||
| 260 |
_aNew York : _bScholastic , _c1997 . |
||
| 300 |
_a30 unnumbered pages : _bcolor illustrations ; _c23 X 27 cm . |
||
| 505 | _aR | ||
| 520 | _aIn 1914, because her family cannot afford a train ticket to her grandmother's town, May gets mailed and rides the mail car on the train to see her grandmother. | ||
| 521 | 8 |
_a740
_bLexile AD |
|
| 521 | 8 |
_aR
_bRaz-Plus |
|
| 650 |
_aPostal service _vChildren's Books |
||
| 650 |
_aGrandmothers _vChildren's Books |
||
| 700 |
_aRand , Ted _eIllustrator |
||
| 942 |
_2ddc _cBK _n0 |
||
| 999 |
_c10011 _d10011 |
||